| 000 | 00976nam a2200277 a 4500 | ||
|---|---|---|---|
| 001 | 81475 | ||
| 003 | BD-RjUL | ||
| 005 | 20230529104137.0 | ||
| 008 | 230529s2009 maua b 001 0 eng | ||
| 020 | _a9780262013192 (hardcover : alk. paper) | ||
| 035 | _a(BD-RjUL)81475 | ||
| 040 |
_aDLC _cDLC _dDLC _dBD-RjUL _beng |
||
| 041 | _aeng | ||
| 082 | 0 | 0 |
_222 _a519.5420285 _bKOP 2009 |
| 100 | 1 |
_aKoller, Daphne. _97715 |
|
| 245 | 1 | 0 |
_aProbabilistic graphical models : _bprinciples and techniques / _cDaphne Koller and Nir Friedman. |
| 260 |
_aCambridge, MA : _bMIT Press, _cc2009. |
||
| 300 |
_axxi, 1231 p. : _bill. ; _c24 cm. |
||
| 490 | 0 | _aAdaptive computation and machine learning | |
| 504 | _aIncludes bibliographical references (p. [1171]-1207) and indexes. | ||
| 650 | 0 |
_aGraphical modeling (Statistics) _97716 |
|
| 650 | 0 |
_aBayesian statistical decision theory _xGraphic methods. _97717 |
|
| 700 | 1 |
_aFriedman, Nir. _97718 |
|
| 942 |
_2ddc _cBK |
||
| 999 |
_c81475 _d81475 |
||